000 00447nam a2200157Ia 4500
008 230711s9999||||xx |||||||||||||| ||und||
041 _aENG
082 _a621
_bGL-C
100 _aGlad,Torkel
245 0 _aControl theory : multivariable and non-linear method
_b Torkel Glad, Lennart Ljung 
250 _a1st . Ed.
260 _c2002
_aAbingdon
_bTaylor & Francis 
650 _aElectrical Engineering
700 _aLjung,Lennart
942 _cBK
999 _c4095
_d4095